| 000 | 00876nam a2200253 i 4500 | ||
|---|---|---|---|
| 999 |
_c7357 _d7357 |
||
| 003 | OSt | ||
| 005 | 20210715155412.0 | ||
| 008 | 200311s2019 fr ||||gr|||||0|| |bfre|c | ||
| 020 | _a9782362200588 | ||
| 040 |
_aES-BaUAB _bcat _erda _cES-BaUAB |
||
| 100 |
_aSempé, Jean-Jacques _d1932-) _94646 |
||
| 245 | 1 | 0 |
_aSempé : _b100 cartoons for press freedom |
| 246 | 3 | _aSempé : one hundred cartoons for press freedom | |
| 264 | 1 |
_aParis : _bReporters sans Frontieres, _c2019 |
|
| 300 |
_a[144] pàgines : _bfotografies ; _c30 cm |
||
| 336 |
_atext _btxt _2rdacontent |
||
| 336 |
_aimatge fixa _bsti _2rdacontent] |
||
| 337 |
_asense mediació _bn _2rdamedia] |
||
| 338 |
_avolum _bnc _2rdacarrier |
||
| 490 | 0 |
_aReporters without borders ; _v61 |
|
| 650 | 4 |
_aLlibertat de premsa- _xObres humorístiques |
|
| 710 | 2 |
_aReporters Sans Frontières _91923 |
|
| 942 |
_2udc _cMON |
||